02753nam a2200145 a 450000100080000000500110000800800410001910000210006024501080008126000230018950001010021252022700031365300160258365300080259910759612014-04-22 2011 bl uuuu m 00u1 u #d1 aVIANNA, L. F. N. aO uso de an??lise espacial em SIG na gest??o da maricultura proposta de sistematiza????o metodol??gica. a2011. 313 f.c2011 aTese (Doutorado em Geografia)- Universidade Federal de Santa Catarina, Florian??polis, SC, 2011. aEm 2005 o Brasil, lan??ou o Programa Nacional de Desenvolvimento da Maricultura em ??guas da Uni??o atrav??s da Secretaria Especial de Aquicultura e Pesca ??? SEAP-PR, hoje Minist??rio da Pesca e Aquicultura - MPA. O objetivo foi ordenar a atividade e promover sua expans??o. Foi a primeira iniciativa no pa??s de implementar uma pol??tica p??blica direcionada especificamente para esse setor. O primeiro estado a colocar esta pol??tica em pr??tica foi Santa Catarina e para isto necessitou desenvolver uma metodologia pr??pria para atender ??s diretrizes impostas pela legisla????o vigente. Um dos focos principais desta metodologia estava no uso de Sistemas de Informa????es Geogr??ficas ??? SIG para auxiliar no processo de sele????o das ??reas para maricultura. Isto gerou uma demanda imediata por uma pesquisa que indicasse a melhor forma de implementar aquele programa, com base na realidade ambiental, social, econ??mica e pol??tica do Estado. Esta tese engloba parte desta pesquisa e traz contribui????es sobre o uso de SIG na gest??o da maricultura. ?? apresentada uma proposta metodol??gica numa perspectiva mais abrangente de gest??o costeira, atrav??s da compatibiliza????o dos Planos Locais de Desenvolvimento da Maricultura ??? PLDM, como instrumento de gest??o setorial, com o Zoneamento Ecol??gico Econ??mico Costeiro ??? ZEEC e o Plano de Gest??o da Zona Costeira ??? PGZC, que s??o instrumentos multi-setoriais. ?? feita uma revis??o detalhada das iniciativas de aplica????o de SIG e s??o identificados tr??s principais objetivos no seu uso para maricultura: avaliar ou caracterizar ??reas, avaliar o potencial de ??reas e selecionar ??reas. Sugere-se a organiza????o desses objetivos em etapas metodol??gicas que s??o aplicadas, atrav??s de um estudo de caso na Ba??a Sul em Santa Catarina, para fazer uma caracteriza????o dessa ba??a, avaliar o seu potencial para maricultura, propor a setoriza????o dos parques aqu??colas definidos por lei e avaliar, atrav??s de monitoramento, o processo de sele????o destas ??reas. O resultado ?? uma proposta metodol??gica de SIG aplicado ?? maricultura numa perspectiva de gest??o da atividade segundo pol??ticas p??blicas, descrita de forma detalhada, aplicada a uma ??rea e validada por um estudo de caso. aMaricultura aSIG